[Event "Andorra op"]
[Site "Andorra AND"]
[Date "1997.??.??"]
[Round "7"]
[White "Spraggett, Kevin"]
[Black "Ayas Fernandez, Antonio"]
[Result "1/2-1/2"]
[WhiteElo "2580"]
[BlackElo "2310"]
[PlyCount "144"]
[EventDate "1997.07.??"]
[EventType "swiss"]
[EventRounds "9"]
[EventCountry "AND"]
[Source "ChessBase"]
[SourceDate "1997.07.29"]

1. e4 e6 2. d4 d5 3. Nc3 Bb4 4. exd5 exd5 5. Bd3 Nf6 6. Bg5 O-O 7. Nge2 c6 8.
O-O Bg4 9. f3 Bh5 10. Nf4 Bg6 11. Nxg6 hxg6 12. Kh1 Nbd7 13. Ne2 Bd6 14. Qd2
Qc7 15. g3 Nh7 16. Be3 Rfe8 17. Rae1 Re7 18. Bf2 Rae8 19. c3 Ndf6 20. Ng1 g5
21. Rxe7 Rxe7 22. Re1 g6 23. Rxe7 Qxe7 24. Qe2 Qd7 25. Be3 Nh5 26. Kg2 Ng7 27.
Nh3 Ne6 28. Nf2 Qc7 29. Ng4 Kg7 30. Bd2 Nhf8 31. Qe1 f5 32. Nf2 Qf7 33. Bc2 Nd7
34. Nd3 Qe7 35. Kf1 Kf7 36. Qe2 Qf6 37. Ke1 Ke7 38. Kd1 Kd8 39. Kc1 Kc7 40. Kb1
Kc8 41. Nf2 Kc7 42. Nh3 Kc8 43. Bc1 Kc7 44. Qd2 Be7 45. Qe3 Ndf8 46. g4 f4 47.
Qe2 Qh8 48. Ng1 Qf6 49. Qg2 Qh8 50. Ne2 Bd6 51. Qf2 Kb8 52. b3 Qh4 53. Qxh4
gxh4 54. Bd2 Kc7 55. Be1 Be7 56. Bf2 a6 57. Bd3 Kd7 58. c4 Bf6 59. cxd5 cxd5
60. b4 b5 61. Kc2 Kc6 62. Kb3 Be7 63. a4 Bf6 64. axb5+ axb5 65. Kc3 g5 66. Nc1
Nc7 67. Nb3 Be7 68. Bf5 Bf6 69. Nc5 Be7 70. h3 Bf6 71. Nd3 Be7 72. Ne5+ Kb6
1/2-1/2

[Event "Andorra op"]
[Site "Andorra AND"]
[Date "1997.??.??"]
[Round "8"]
[White "Tirard, Hugo"]
[Black "Spraggett, Kevin"]
[Result "1-0"]
[WhiteElo "2365"]
[BlackElo "2580"]
[PlyCount "73"]
[EventDate "1997.07.??"]
[EventType "swiss"]
[EventRounds "9"]
[EventCountry "AND"]
[Source "ChessBase"]
[SourceDate "1997.07.29"]

1. e4 c6 2. d4 d5 3. Nc3 dxe4 4. Nxe4 Nf6 5. Nxf6+ gxf6 6. Ne2 Bf5 7. Nf4 e5 8.
Nh5 Nd7 9. Bc4 Qe7 10. O-O O-O-O 11. Ng3 Bg6 12. c3 h5 13. Qf3 e4 14. Qe3 Nb6
15. b3 h4 16. Ne2 h3 17. g3 Bh6 18. Nf4 Nxc4 19. bxc4 Bxf4 20. Qxf4 Qe6 21. Be3
Rh5 22. d5 cxd5 23. cxd5 Rhxd5 24. Bxa7 Qe5 25. Qg4+ f5 26. Qxh3 Rh8 27. Qg2 f6
28. Rfd1 Rxd1+ 29. Rxd1 Bh5 30. Qh3 Bxd1 31. Qxh8+ Kd7 32. Bd4 Qb5 33. Qg7+ Kc8
34. Qf8+ Kd7 35. Qf7+ Kc8 36. Qe6+ Kb8 37. Qxf6 1-0

[Event "Metz op"]
[Site "Metz FRA"]
[Date "1997.??.??"]
[Round "1"]
[White "Spraggett, Kevin"]
[Black "Vignale, Stephane"]
[Result "1-0"]
[WhiteElo "2580"]
[BlackElo "1870"]
[PlyCount "47"]
[EventDate "1997.04.??"]
[EventType "swiss"]
[EventRounds "9"]
[EventCountry "FRA"]
[Source "ChessBase"]
[SourceDate "1998.11.10"]

1. g3 g6 2. Bg2 Bg7 3. c4 c6 4. Nc3 Nf6 5. e4 d6 6. Nge2 O-O 7. O-O e5 8. d3
Be6 9. b3 Qc8 10. d4 Rd8 11. Bb2 Na6 12. Rc1 Bh3 13. Qd2 Bxg2 14. Kxg2 Nc7 15.
f3 Nfe8 16. Rfd1 c5 17. dxc5 dxc5 18. Nd5 Kh8 19. h4 h5 20. Rf1 Ne6 21. f4 exf4
22. Bxg7+ N8xg7 23. Nexf4 Nd4 24. Nxg6+ 1-0

[Event "Metz op"]
[Site "Metz FRA"]
[Date "1997.??.??"]
[Round "2"]
[White "Bishop, Peter"]
[Black "Spraggett, Kevin"]
[Result "0-1"]
[WhiteElo "2160"]
[BlackElo "2580"]
[PlyCount "52"]
[EventDate "1997.04.??"]
[EventType "swiss"]
[EventRounds "9"]
[EventCountry "FRA"]
[Source "ChessBase"]
[SourceDate "1998.11.10"]

1. e4 c6 2. Nc3 d5 3. d4 dxe4 4. Bf4 Nf6 5. h3 Bf5 6. Nge2 e6 7. g4 Bg6 8. Ng3
Nd5 9. Nxd5 cxd5 10. Be2 Nc6 11. h4 h6 12. h5 Bh7 13. Qd2 Be7 14. a3 Rc8 15.
Rd1 O-O 16. Rg1 f6 17. Nf5 exf5 18. gxf5 Kh8 19. Rg6 Bd6 20. Bxh6 gxh6 21. Qxh6
Rf7 22. Qe3 Ne7 23. Qh3 Rxc2 24. h6 Nxg6 25. Qb3 Qa5+ 26. Kf1 Rxe2 0-1

[Event "Metz op"]
[Site "Metz FRA"]
[Date "1997.??.??"]
[Round "4"]
[White "Ristic, Nenad"]
[Black "Spraggett, Kevin"]
[Result "0-1"]
[WhiteElo "2475"]
[BlackElo "2580"]
[PlyCount "82"]
[EventDate "1997.04.??"]
[EventType "swiss"]
[EventRounds "9"]
[EventCountry "FRA"]
[Source "ChessBase"]
[SourceDate "1998.11.10"]

1. d4 Nf6 2. Nf3 e6 3. Bg5 h6 4. Bxf6 Qxf6 5. e4 d6 6. Nc3 Nd7 7. Qd2 a6 8.
O-O-O Qd8 9. h4 b5 10. Bd3 Bb7 11. Kb1 c5 12. dxc5 Nxc5 13. Qe3 Qc7 14. Nd4
O-O-O 15. f4 Kb8 16. f5 b4 17. Nce2 exf5 18. exf5 Be7 19. c3 Bf6 20. Bc2 Rhe8
21. Qf4 bxc3 22. Nxc3 Bxg2 23. Rhg1 Bb7 24. Rc1 Qb6 25. Rgd1 Ka8 26. a3 d5 27.
b4 Be5 28. Qg4 Ne4 29. Na4 Qf6 30. Qg1 Kb8 31. Bxe4 dxe4 32. Nb3 Qxf5 33. Rf1
Qg6 34. Qxg6 fxg6 35. Nbc5 Bf6 36. Nb6 e3 37. Nbd7+ Ka8 38. Kc2 e2 39. Rfe1
Bxh4 40. Rh1 Bxh1 41. Rxh1 e1=Q 0-1

[Event "Metz op"]
[Site "Metz FRA"]
[Date "1997.??.??"]
[Round "5"]
[White "Spraggett, Kevin"]
[Black "Rausis, Igors"]
[Result "1-0"]
[WhiteElo "2580"]
[BlackElo "2470"]
[PlyCount "97"]
[EventDate "1997.04.??"]
[EventType "swiss"]
[EventRounds "9"]
[EventCountry "FRA"]
[Source "ChessBase"]
[SourceDate "1998.11.10"]

1. e4 c5 2. Nf3 g6 3. d4 cxd4 4. Nxd4 Bg7 5. c4 Nc6 6. Be3 Nf6 7. Nc3 O-O 8.
Be2 d6 9. O-O Bd7 10. Qd2 Nxd4 11. Bxd4 Bc6 12. f3 a5 13. b3 Nd7 14. Be3 Nc5
15. Rab1 Qb6 16. Rfc1 Qb4 17. Rc2 Rfc8 18. Qc1 Qb6 19. Kh1 Qd8 20. Qd2 h5 21.
Re1 Qb6 22. Nb5 Qd8 23. Bf1 Ne6 24. Nc3 Nc5 25. Rcc1 Qb6 26. Nb5 Qd8 27. e5 Ne6
28. exd6 Bxb5 29. cxb5 Qxd6 30. Bc4 Rd8 31. Qc2 Nd4 32. Bxd4 Bxd4 33. Re6 Qf4
34. Rxe7 Rf8 35. Qxg6+ Bg7 36. Rce1 Qxc4 37. Qxg7+ Kxg7 38. bxc4 Rac8 39. R1e4
Rfd8 40. h4 b6 41. Rf4 Rd1+ 42. Kh2 Rf8 43. Rb7 Rd2 44. Rxb6 Rxa2 45. Rb7 Ra4
46. Ra7 Kg6 47. b6 f6 48. b7 Rb4 49. Ra8 1-0

[Event "Metz op"]
[Site "Metz FRA"]
[Date "1997.??.??"]
[Round "7"]
[White "Spraggett, Kevin"]
[Black "Inoli, Tashini"]
[Result "1-0"]
[WhiteElo "2580"]
[BlackElo "2510"]
[PlyCount "59"]
[EventDate "1997.04.??"]
[EventType "swiss"]
[EventRounds "9"]
[EventCountry "FRA"]
[Source "ChessBase"]
[SourceDate "1998.11.10"]

1. e4 c5 2. Nf3 Nc6 3. d4 cxd4 4. Nxd4 e5 5. Nb5 a6 6. Nd6+ Bxd6 7. Qxd6 Qf6 8.
Qd1 Qg6 9. Nc3 d5 10. Nxd5 Qxe4+ 11. Be3 Nd4 12. Nc7+ Ke7 13. Rc1 Bg4 14. Qd3
Qxd3 15. Bxd3 Rd8 16. h3 Bh5 17. f4 f6 18. fxe5 fxe5 19. O-O Kd6 20. Bxd4 exd4
21. Nd5 Kxd5 22. Rf5+ Kd6 23. Rxh5 Nf6 24. Rh4 Kd5 25. c3 dxc3 26. Rxc3 Rc8 27.
Rb3 Rc1+ 28. Kh2 Rd1 29. Be2 Ra1 30. Ra4 1-0

[Event "Enghien Les Bains"]
[Site "Enghien Les Bains FRA"]
[Date "1997.03.14"]
[Round "1"]
[White "Spraggett, Kevin"]
[Black "Anic, Darko"]
[Result "1/2-1/2"]
[WhiteElo "2580"]
[BlackElo "2470"]
[PlyCount "65"]
[EventDate "1997.03.14"]
[EventType "tourn"]
[EventRounds "9"]
[EventCountry "FRA"]
[EventCategory "10"]
[Source "ChessBase"]

1. e4 e5 2. Nf3 Nc6 3. Bb5 a6 4. Ba4 d6 5. Bxc6+ bxc6 6. d4 exd4 7. Nxd4 c5 8.
Nf3 Bb7 9. Nc3 Nf6 10. O-O Be7 11. Re1 O-O 12. Bf4 Rb8 13. b3 Nh5 14. Bd2 f5
15. exf5 Rxf5 16. Qe2 Rf7 17. Ne4 Nf4 18. Bxf4 Rxf4 19. Nxc5 Bxf3 20. gxf3 dxc5
21. Qxe7 Rxf3 22. Rad1 Qf8 23. Rd2 c4 24. Qxc7 cxb3 25. cxb3 Rf6 26. Re3 Rc8
27. Qb7 Qc5 28. Qd5+ Qxd5 29. Rxd5 Rc1+ 30. Kg2 Rc2 31. Rd8+ Kf7 32. Rd7+ Kf8
33. Rd8+ 1/2-1/2

[Event "Enghien Les Bains"]
[Site "Enghien Les Bains FRA"]
[Date "1997.03.15"]
[Round "2"]
[White "Rausis, Igors"]
[Black "Spraggett, Kevin"]
[Result "1/2-1/2"]
[WhiteElo "2470"]
[BlackElo "2580"]
[PlyCount "25"]
[EventDate "1997.03.14"]
[EventType "tourn"]
[EventRounds "9"]
[EventCountry "FRA"]
[EventCategory "10"]
[Source "ChessBase"]

1. e4 c6 2. d4 d5 3. Nd2 dxe4 4. Nxe4 Bf5 5. Nc5 b6 6. Nb3 Nf6 7. Nf3 e6 8. Bd3
Bxd3 9. Qxd3 Bd6 10. Bg5 Nbd7 11. O-O Qc7 12. Rfe1 O-O 13. Rad1 1/2-1/2

[Event "Enghien Les Bains"]
[Site "Enghien Les Bains FRA"]
[Date "1997.03.17"]
[Round "4"]
[White "Dorfman, Josif"]
[Black "Spraggett, Kevin"]
[Result "1/2-1/2"]
[WhiteElo "2585"]
[BlackElo "2580"]
[PlyCount "28"]
[EventDate "1997.03.14"]
[EventType "tourn"]
[EventRounds "9"]
[EventCountry "FRA"]
[EventCategory "10"]
[Source "ChessBase"]

1. d4 Nf6 2. Nf3 e6 3. c4 b6 4. g3 Bb7 5. Bg2 Bb4+ 6. Bd2 Qe7 7. O-O Bxd2 8.
Qxd2 O-O 9. Nc3 d5 10. cxd5 exd5 11. Rac1 Na6 12. Qg5 Rfe8 13. e3 c5 14. Rfd1
Nc7 1/2-1/2

[Event "Enghien Les Bains"]
[Site "Enghien Les Bains FRA"]
[Date "1997.03.19"]
[Round "6"]
[White "Fontaine, Robert"]
[Black "Spraggett, Kevin"]
[Result "0-1"]
[WhiteElo "2320"]
[BlackElo "2580"]
[PlyCount "108"]
[EventDate "1997.03.14"]
[EventType "tourn"]
[EventRounds "9"]
[EventCountry "FRA"]
[EventCategory "10"]
[Source "ChessBase"]

1. e4 c6 2. d4 d5 3. Nd2 dxe4 4. Nxe4 Nf6 5. Nxf6+ gxf6 6. c3 Bf5 7. Ne2 Nd7 8.
Ng3 Bg6 9. f4 f5 10. Bd3 e6 11. Qe2 Qh4 12. O-O O-O-O 13. Qf3 h5 14. Ne2 Qe7
15. a4 h4 16. b4 h3 17. g3 Nf6 18. a5 Bh5 19. Qh1 a6 20. Bd2 Qd7 21. Rab1 Bg7
22. Kf2 Kb8 23. Ke1 Rhe8 24. Nc1 Ng4 25. Ne2 Ka8 26. Kd1 f6 27. Kc1 Bg6 28. Kb2
e5 29. Rbd1 Qe6 30. Bc2 e4 31. Bb3 Qe7 32. Rc1 Bh5 33. Bc4 Bf8 34. Rc2 Qh7 35.
Qg1 e3 36. Be1 Bf7 37. Bxf7 Qxf7 38. Qh1 Qc4 39. Rf3 Rd5 40. Rf1 Rb5 41. Qf3
Nxh2 42. Qh5 Rd8 43. Rh1 Ng4 44. Rxh3 Nf2 45. Bxf2 exf2 46. Rh1 Bxb4 47. Kc1
Bxc3 48. Rxc3 Qa2 49. Rc2 Rb1+ 50. Kd2 Qxa5+ 51. Ke3 Rxh1 52. Qxh1 Qe1 53. Rc1
Re8+ 54. Kd3 Qxe2+ 0-1

[Event "Enghien Les Bains"]
[Site "Enghien Les Bains FRA"]
[Date "1997.03.20"]
[Round "7"]
[White "Spraggett, Kevin"]
[Black "Nataf, Igor A"]
[Result "0-1"]
[WhiteElo "2580"]
[BlackElo "2410"]
[PlyCount "72"]
[EventDate "1997.03.14"]
[EventType "tourn"]
[EventRounds "9"]
[EventCountry "FRA"]
[EventCategory "10"]
[Source "ChessBase"]

1. e4 Nf6 2. e5 Nd5 3. d4 d6 4. c4 Nb6 5. exd6 cxd6 6. Bd3 g6 7. Nc3 Bg7 8.
Nge2 O-O 9. O-O d5 10. c5 N6d7 11. Bg5 h6 12. Be3 Nc6 13. Bb5 Nf6 14. f3 Bf5
15. Qd2 Kh7 16. Ng3 Bd7 17. Rab1 Na5 18. b3 b6 19. Rfd1 Bxb5 20. Nxb5 bxc5 21.
dxc5 Rb8 22. Nc3 e6 23. Nge2 Nd7 24. f4 Qc7 25. Rdc1 Rfe8 26. Nd4 Qxc5 27. Ncb5
Qb6 28. Nc7 Rec8 29. Ndxe6 d4 30. Nxg7 dxe3 31. Qxd7 Kxg7 32. Kf1 Rd8 33. Qe7
Rd2 34. Qe5+ Kg8 35. b4 Qb7 36. Nd5 Rxd5 0-1

[Event "Catalunya-Tch"]
[Site "ESP"]
[Date "1997.??.??"]
[Round "5"]
[White "Spraggett, Kevin"]
[Black "Magem Badals, Jordi"]
[Result "1/2-1/2"]
[WhiteElo "2580"]
[BlackElo "2570"]
[PlyCount "45"]
[EventDate "1997.??.??"]
[EventType "team"]
[EventRounds "9"]
[EventCountry "ESP"]
[Source "ChessBase"]
[SourceDate "2001.11.25"]

1. d4 Nf6 2. Nf3 c5 3. d5 b5 4. Bg5 Qb6 5. Nc3 b4 6. Na4 Qa5 7. Bxf6 gxf6 8. b3
d6 9. Nb2 f5 10. Nc4 Qd8 11. Qd3 Bg7 12. Rd1 Bc3+ 13. Nfd2 Nd7 14. Qxf5 Nf6 15.
Qd3 e6 16. e4 exd5 17. exd5 Rg8 18. g3 Rg4 19. Be2 Rd4 20. Qe3+ Re4 21. Qg5 Qe7
22. Ne3 Re5 23. Qh4 1/2-1/2

[Event "Faro op"]
[Site "Faro POR"]
[Date "1997.??.??"]
[Round "4"]
[White "Soloviov, Sergei"]
[Black "Spraggett, Kevin"]
[Result "0-1"]
[WhiteElo "2380"]
[BlackElo "2575"]
[PlyCount "103"]
[EventDate "1997.??.??"]
[EventType "swiss"]
[EventRounds "8"]
[EventCountry "POR"]
[Source "InfoXadrez"]
[SourceDate "1999.04.15"]

1. e4 c6 2. d4 d5 3. exd5 cxd5 4. c4 Nf6 5. cxd5 Nxd5 6. Nc3 e6 7. Nf3 Bb4 8.
Bd2 Nc6 9. Bd3 O-O 10. O-O Be7 11. Qe2 Nf6 12. Be3 Nb4 13. Bc4 b6 14. Ne5 Bb7
15. Rac1 a6 16. Rfd1 Nbd5 17. Bg5 b5 18. Bb3 Nxc3 19. bxc3 Nd5 20. Bxe7 Qxe7
21. Nd3 Nb6 22. Nc5 Bd5 23. Bxd5 Nxd5 24. a4 Rfb8 25. Qe5 Rd8 26. a5 Nf6 27.
Qe2 Qc7 28. c4 bxc4 29. Rxc4 Rdc8 30. Ra4 Nd5 31. Ra3 Qd6 32. Qf3 Rab8 33. g3
h6 34. Qd3 Nb4 35. Qc4 Rb5 36. Re1 Nd5 37. Ra4 Rcb8 38. Ne4 Qd8 39. Nc5 Rxa5
40. Rxa5 Qxa5 41. Re2 Qb5 42. Qc2 a5 43. Kg2 Qc6 44. Kh3 Nf6 45. Qd3 a4 46. Ra2
Rb4 47. Qd1 g5 48. f3 Qd5 49. Rxa4 Rb2 50. Ra3 Qf5+ 51. g4 Nd5 52. Qg1 0-1

[Event "Faro op"]
[Site "Faro POR"]
[Date "1997.??.??"]
[Round "5"]
[White "Spraggett, Kevin"]
[Black "Lanka, Zigurds"]
[Result "1/2-1/2"]
[WhiteElo "2575"]
[BlackElo "2565"]
[PlyCount "30"]
[EventDate "1997.??.??"]
[EventType "swiss"]
[EventRounds "8"]
[EventCountry "POR"]
[Source "ChessBase"]
[SourceDate "1997.11.17"]

1. Nf3 Nf6 2. c4 g6 3. b3 Bg7 4. Bb2 O-O 5. g3 c5 6. Bg2 d6 7. O-O e5 8. Nc3
Nc6 9. d3 Rb8 10. e3 Bd7 11. h3 a6 12. Qd2 b5 13. Rfd1 Qc8 14. Kh2 Ne7 15. Rac1
Bc6 1/2-1/2

[Event "Faro op"]
[Site "Faro POR"]
[Date "1997.??.??"]
[Round "7"]
[White "Spraggett, Kevin"]
[Black "Galego, Luis"]
[Result "1-0"]
[WhiteElo "2575"]
[BlackElo "2440"]
[PlyCount "91"]
[EventDate "1997.??.??"]
[EventType "swiss"]
[EventRounds "8"]
[EventCountry "POR"]
[Source "InfoXadrez"]
[SourceDate "1999.04.15"]

1. c4 Nf6 2. Nf3 e6 3. Nc3 d5 4. d4 Bb4 5. e3 O-O 6. Bd3 c5 7. O-O dxc4 8. Bxc4
cxd4 9. exd4 b6 10. Bg5 Bb7 11. Rc1 Be7 12. Qe2 Nc6 13. Rfd1 Nb4 14. Ne5 Nfd5
15. Bd2 Bg5 16. a3 Bxd2 17. Qxd2 Nxc3 18. Rxc3 Nd5 19. Rg3 f5 20. Re1 Rc8 21.
b3 Rc7 22. a4 Qf6 23. h3 Kh8 24. a5 Rd8 25. axb6 axb6 26. Kh2 Re7 27. Bb5 Rc7
28. Bc4 Re7 29. Bxd5 Bxd5 30. Qb4 Rb7 31. Rc1 Qe7 32. Qd2 b5 33. b4 Ra7 34. Rc5
Qe8 35. Rgc3 h6 36. Rc7 Rxc7 37. Rxc7 Kh7 38. Qc3 Kg8 39. Qc5 Ra8 40. Rd7 Qf8
41. Qxb5 Rb8 42. Qa5 Qf6 43. Qc7 Ra8 44. Qc5 Kh7 45. Qc1 Qh4 46. Rxg7+ 1-0

[Event "POR-Tch 2"]
[Site "POR"]
[Date "1997.??.??"]
[Round "?"]
[White "Correia, Mario Rui"]
[Black "Spraggett, Kevin"]
[Result "0-1"]
[WhiteElo "2065"]
[BlackElo "2580"]
[PlyCount "56"]
[EventDate "1997.??.??"]
[EventType "team"]
[EventRounds "5"]
[EventCountry "POR"]
[Source "ChessBase"]
[SourceDate "2000.11.22"]

1. c4 c5 2. Nc3 Nf6 3. e4 Nc6 4. Nf3 d6 5. d4 cxd4 6. Nxd4 e6 7. Be3 Be7 8. Be2
O-O 9. O-O a6 10. f4 Bd7 11. Bf3 Nxd4 12. Qxd4 Bc6 13. Rad1 Rc8 14. b4 Qc7 15.
Qb6 Qxb6 16. Bxb6 Be8 17. Be2 d5 18. exd5 Bxb4 19. dxe6 fxe6 20. Bd4 Bg6 21.
Be5 b5 22. Bd6 Bxc3 23. Bxf8 Kxf8 24. cxb5 axb5 25. Bxb5 Rc5 26. Bd3 Be8 27.
Rb1 Bd4+ 28. Kh1 Ng4 0-1

[Event "POR-cup final"]
[Site "Carregosa POR"]
[Date "1997.??.??"]
[Round "?"]
[White "Antunes, Antonio"]
[Black "Spraggett, Kevin"]
[Result "1/2-1/2"]
[WhiteElo "2490"]
[BlackElo "2575"]
[PlyCount "48"]
[EventDate "1997.??.??"]
[EventType "team"]
[EventRounds "2"]
[EventCountry "POR"]
[Source "InfoXadrez"]
[SourceDate "1999.04.15"]

1. d4 Nf6 2. Nf3 e6 3. c4 b6 4. g3 Ba6 5. b3 Bb4+ 6. Bd2 Be7 7. Bg2 O-O 8. Bc3
d5 9. Ne5 Bb7 10. O-O Na6 11. Nd2 c5 12. dxc5 Nxc5 13. Bb2 a5 14. Rc1 Rc8 15.
Ndf3 Qc7 16. cxd5 Bxd5 17. Nd3 Qb7 18. Nxc5 bxc5 19. Rc2 a4 20. bxa4 Qa8 21.
Qc1 Qxa4 22. Bxf6 Bxf6 23. Rxc5 Rxc5 24. Qxc5 Qxa2 1/2-1/2

[Event "POR-cup final"]
[Site "Carregosa POR"]
[Date "1997.??.??"]
[Round "?"]
[White "Spraggett, Kevin"]
[Black "Antunes, Antonio"]
[Result "1/2-1/2"]
[WhiteElo "2575"]
[BlackElo "2490"]
[PlyCount "100"]
[EventDate "1997.??.??"]
[EventType "team"]
[EventRounds "2"]
[EventCountry "POR"]
[Source "InfoXadrez"]
[SourceDate "1999.04.15"]

1. c4 c6 2. d4 d5 3. e3 Nf6 4. Nc3 e6 5. Nf3 Nbd7 6. Bd3 dxc4 7. Bxc4 b5 8. Be2
b4 9. Na4 Be7 10. O-O O-O 11. Bd2 Bb7 12. Qc2 c5 13. Nxc5 Nxc5 14. dxc5 Be4 15.
Qc1 a5 16. a3 Rb8 17. axb4 axb4 18. Ra4 Bxc5 19. b3 Qe7 20. Qb2 Rfc8 21. Rc1
Bd5 22. Ba6 Rc7 23. Be2 h6 24. Raa1 Bd6 25. Rxc7 Qxc7 26. Rc1 Qb7 27. Be1 Rd8
28. h3 Be7 29. Qc2 Nd7 30. Nd4 Nc5 31. f3 e5 32. Nf5 Bf8 33. Bc4 g6 34. Ng3
Bxc4 35. Qxc4 Qd5 36. Ne4 Nxe4 37. fxe4 Qxc4 38. Rxc4 Rd3 39. Bxb4 Rxb3 40.
Bxf8 Kxf8 41. Kf2 Ke7 42. Rc7+ Ke6 43. Rc6+ Kd7 44. Ra6 Ke7 45. Ra7+ Kf6 46. h4
h5 47. Kf3 Ke6 48. Ra6+ Ke7 49. Ra7+ Ke6 50. Ra6+ Ke7 1/2-1/2

[Event "Super Taca 1996-97"]
[Site "Caldas da Felgueira POR"]
[Date "1997.??.??"]
[Round "?"]
[White "Galego, Luis"]
[Black "Spraggett, Kevin"]
[Result "1/2-1/2"]
[WhiteElo "2440"]
[BlackElo "2575"]
[PlyCount "56"]
[EventDate "1997.??.??"]
[EventType "team"]
[EventRounds "2"]
[EventCountry "POR"]
[Source "InfoXadrez"]
[SourceDate "1999.04.15"]

1. e4 c5 2. Nf3 e6 3. d4 cxd4 4. Nxd4 Nc6 5. Nxc6 bxc6 6. Bd3 Nf6 7. O-O d5 8.
Nd2 Be7 9. Qe2 O-O 10. c4 Bb7 11. b3 a5 12. Bb2 a4 13. Rac1 axb3 14. axb3 g6
15. c5 Nd7 16. b4 Ra4 17. exd5 exd5 18. Bc3 Bf6 19. Bxf6 Qxf6 20. Rb1 Ne5 21.
Rfe1 Nxd3 22. Qxd3 Ba6 23. Qb3 Bb5 24. Nf3 Rb8 25. h3 h5 26. Ne5 Ra7 27. Qc3
Rab7 28. Qd2 Rc7 1/2-1/2

[Event "Super Taca 1996-97"]
[Site "Caldas da Felgueira POR"]
[Date "1997.??.??"]
[Round "?"]
[White "Spraggett, Kevin"]
[Black "Galego, Luis"]
[Result "1-0"]
[WhiteElo "2575"]
[BlackElo "2440"]
[PlyCount "49"]
[EventDate "1997.??.??"]
[EventType "team"]
[EventRounds "2"]
[EventCountry "POR"]
[Source "InfoXadrez"]
[SourceDate "1999.04.15"]

1. c4 Nf6 2. Nc3 e5 3. Nf3 Nc6 4. g3 g6 5. d4 exd4 6. Nxd4 Bg7 7. Bg2 O-O 8.
Nc2 d6 9. O-O Re8 10. e4 Nd7 11. Qd2 Nc5 12. b4 Bxc3 13. Qxc3 Nxe4 14. Qb3 Ng5
15. h4 Ne6 16. Bb2 Ng7 17. Rfe1 Rxe1+ 18. Rxe1 Be6 19. Qc3 Qf8 20. Ne3 Rc8 21.
Nd5 Bxd5 22. Bxd5 Rb8 23. f4 a5 24. a3 axb4 25. axb4 1-0

[Event "Olympiad"]
[Site "Yerevan ARM"]
[Date "1996.09.20"]
[Round "5"]
[White "Peralta, Eduardo"]
[Black "Spraggett, Kevin"]
[Result "0-1"]
[WhiteElo "2350"]
[BlackElo "2530"]
[PlyCount "82"]
[EventDate "1996.09.16"]
[EventType "team"]
[EventRounds "14"]
[EventCountry "ARM"]

1. d4 Nf6 2. Nf3 d6 3. g3 Nbd7 4. c4 e5 5. Nc3 Be7 6. Bg2 O-O 7. O-O c6 8. e4
Re8 9. b3 a6 10. d5 cxd5 11. cxd5 b5 12. a3 Nb6 13. Ne1 Bd7 14. Nd3 Qb8 15. h3
a5 16. Kh2 Bd8 17. g4 h6 18. Bd2 Nh7 19. Ne2 Bg5 20. Bc3 a4 21. b4 Qc7 22. Ne1
Nc4 23. Nf3 Rac8 24. Re1 Qa7 25. Rf1 Nf8 26. h4 Bd8 27. g5 hxg5 28. Nxg5 Nh7
29. Qc1 Nf6 30. Bf3 Bb6 31. Qe1 Kf8 32. Ng3 Ke7 33. Kg2 Rh8 34. h5 Rc7 35. Be2
Rhc8 36. Bxc4 Rxc4 37. Bd2 Rh8 38. f4 Bd4 39. Rd1 Rc2 40. Rc1 Ra2 41. fxe5 Bxe5
0-1

[Event "Olympiad"]
[Site "Yerevan ARM"]
[Date "1996.09.21"]
[Round "6"]
[White "Spraggett, Kevin"]
[Black "Liew Chee Meng, Jimmy"]
[Result "1-0"]
[WhiteElo "2530"]
[BlackElo "2335"]
[PlyCount "73"]
[EventDate "1996.09.16"]
[EventType "team"]
[EventRounds "14"]
[EventCountry "ARM"]

1. c4 e5 2. g3 d6 3. Nc3 f5 4. Bg2 Nf6 5. d3 Be7 6. e3 O-O 7. Nge2 c6 8. b3 Na6
9. O-O Qe8 10. Qd2 Qh5 11. f4 Ng4 12. h3 Nh6 13. Ba3 Re8 14. b4 Bd7 15. b5 cxb5
16. Nxb5 Bc6 17. Nxd6 e4 18. c5 Bxd6 19. cxd6 Bb5 20. g4 fxg4 21. dxe4 Bc6 22.
Ng3 Qh4 23. Kh2 Rad8 24. Rac1 gxh3 25. Bf3 Re6 26. f5 Rxe4 27. Nxe4 Bxe4 28.
Rc4 Ng4+ 29. Bxg4 Qxg4 30. Rf4 Qg2+ 31. Qxg2 Bxg2 32. e4 b5 33. Rc6 Nb8 34. Rc7
b4 35. Bb2 Rxd6 36. Rg4 Nc6 37. Rcxg7+ 1-0

[Event "Olympiad"]
[Site "Yerevan ARM"]
[Date "1996.09.23"]
[Round "7"]
[White "Spraggett, Kevin"]
[Black "Petursson, Margeir"]
[Result "1/2-1/2"]
[WhiteElo "2530"]
[BlackElo "2570"]
[PlyCount "65"]
[EventDate "1996.09.16"]
[EventType "team"]
[EventRounds "14"]
[EventCountry "ARM"]

1. e4 c5 2. Nf3 d6 3. c3 Nf6 4. Be2 Nbd7 5. d3 b6 6. Nbd2 Bb7 7. O-O e6 8. Re1
Be7 9. Bf1 Ne5 10. Nxe5 dxe5 11. a4 a6 12. Nc4 Qc7 13. Bd2 O-O 14. b4 cxb4 15.
cxb4 Nd7 16. Rc1 Rac8 17. a5 bxa5 18. Nxa5 Qb8 19. Qa4 Nb6 20. Qa1 Nd7 21. Rc4
h6 22. Rec1 Bd6 23. Nb3 Qa8 24. Nc5 Bxc5 25. bxc5 Bc6 26. f3 Bb5 27. R4c2 Qc6
28. Be3 Rfd8 29. d4 exd4 30. Bxd4 f6 31. Bc4 Kh7 32. Bb3 Rf8 33. Bf2 1/2-1/2

[Event "Olympiad"]
[Site "Yerevan ARM"]
[Date "1996.09.25"]
[Round "9"]
[White "McNab, Colin"]
[Black "Spraggett, Kevin"]
[Result "1/2-1/2"]
[WhiteElo "2465"]
[BlackElo "2530"]
[PlyCount "55"]
[EventDate "1996.09.16"]
[EventType "team"]
[EventRounds "14"]
[EventCountry "ARM"]

1. Nf3 Nf6 2. c4 c5 3. g3 b6 4. Bg2 Bb7 5. d3 e6 6. e4 d6 7. Nc3 Be7 8. O-O O-O
9. b3 a6 10. Bb2 Qc7 11. Rc1 Re8 12. h3 Nc6 13. d4 Nxd4 14. Nxd4 cxd4 15. Qxd4
Bf8 16. Kh2 Nd7 17. f4 Rab8 18. Rfd1 Rbd8 19. Qe3 Qb8 20. Rd2 Ba8 21. Qe2 Bc6
22. Bf1 Nc5 23. b4 Nd7 24. Rcd1 Qc7 25. a3 Nb8 26. Qf2 Nd7 27. Qe2 Nb8 28. Qf2
1/2-1/2

[Event "Olympiad"]
[Site "Yerevan ARM"]
[Date "1996.09.26"]
[Round "10"]
[White "Spraggett, Kevin"]
[Black "Yrjola, Jouni"]
[Result "1/2-1/2"]
[WhiteElo "2530"]
[BlackElo "2435"]
[PlyCount "82"]
[EventDate "1996.09.16"]
[EventType "team"]
[EventRounds "14"]
[EventCountry "ARM"]

1. e4 c5 2. Nc3 Nc6 3. g3 g6 4. Bg2 Bg7 5. d3 d6 6. Nh3 e6 7. O-O Nge7 8. Be3
Nd4 9. f4 O-O 10. Qd2 Rb8 11. Nd1 f5 12. c3 Ndc6 13. Kh1 b6 14. Bg1 d5 15. exd5
Nxd5 16. Ne3 Nxe3 17. Bxe3 Qd6 18. a3 a5 19. Rad1 Ba6 20. Rfe1 Rbd8 21. Qc2 Ne7
22. d4 c4 23. Ng5 h6 24. Nf3 Bb7 25. Bc1 Bd5 26. Ne5 Kh7 27. Kg1 Ng8 28. Bf1
Rc8 29. Qa4 Bxe5 30. dxe5 Qc6 31. Qxc6 Rxc6 32. a4 Rb8 33. Rd4 Rb7 34. b3 cxb3
35. c4 Rbc7 36. Ba3 Bxc4 37. Bg2 Bd5 38. Bxd5 exd5 39. Rxd5 Ne7 40. Bxe7 Rxe7
41. Rb1 g5 1/2-1/2